MARC

LEADER 00000nas a2200000 a 4500
001 ssj0001843
003 WaSeSS
005 20200512172242.0
006 m d
007 cr n
008 980417c19129999ilubr pss o 0 a0eng c
010 |a  2004235660 
016 7 |a 2066280-4  |2 DE-600 
022 |a 2161-8895  |y 0013-8274 
024 7 |a PE1  |2 LC class 
035 |a (WaSeSS)ssj0001843 
040 |a FGA  |b eng  |c FGA  |d OCL  |d OCLCQ  |d EYM  |d HUL  |d OCLCQ  |d VRC  |d NSD  |d DLC  |d OCLCE  |d HEBIS  |d OCLCQ  |d OCLCO  |d OCLCQ  |d OCLCF  |d OCLCO  |d OCLCQ  |d DEBBG  |d VT2  |d AU@  |d REC  |d NJT  |d WaSeSS 
042 |a pcc  |a nsdp 
050 1 4 |a PE1 
082 1 0 |a 420  |2 14 
130 0 |a English journal (Online) 
222 0 |a English journal  |b (Online) 
245 1 0 |a English journal  |h [electronic resource]. 
260 |a Urbana, Ill. :  |b National Council of Teachers of English,  |c 1912- 
310 |a Bimonthly,  |b Sept. 1998- 
321 |a Frequency varies,  |b 1912-Apr. 1998 
362 0 |a Vol. 1, no. 1 (Jan. 1912)- 
500 |a Title from title screen (JSTOR, viewed Feb. 11, 2004). 
506 |a License restrictions may limit access. 
538 |a Mode of access: World Wide Web. 
588 |a Latest issue consulted: Vol. 100, no. 5 (May 2011) (journal home page viewed June 16, 2011). 
650 0 |a English philology  |v Periodicals. 
650 0 |a English philology  |x Study and teaching  |v Periodicals. 
650 7 |a English philology.  |2 fast  |0 (OCoLC)fst00912245 
650 7 |a English philology  |x Study and teaching.  |2 fast  |0 (OCoLC)fst00912262 
650 1 7 |a Engels.  |2 gtt 
650 1 7 |a Taalkunde.  |2 gtt 
650 1 7 |a Anglais (Langue)  |2 rasuqam 
650 7 |a Enseignement de l'écriture.  |2 rasuqam 
650 7 |a Enseignement de la lecture.  |2 rasuqam 
650 7 |a Enseignement primaire.  |2 rasuqam 
650 7 |a Enseignement secondaire.  |2 rasuqam 
650 7 |a Littérature.  |2 rasuqam 
651 7 |a États-Unis.  |2 rasuqam 
655 0 |a Electronic journals. 
710 2 |a National Council of Teachers of English. 
776 1 |t English journal  |x 0013-8274  |w (DLC) 14013041  |w (OCoLC)1325886 
856 4 0 |z Full text available from Research Library: 01/01/1988 to present  |u https://search.proquest.com/publication/42045